| 000 | 01048nam a2200217 i 4500 | ||
|---|---|---|---|
| 001 | 182932 | ||
| 003 | ES-MaACL | ||
| 005 | 20250929063301.0 | ||
| 008 | 131217s1769 fr f |||| | fre d | ||
| 100 | 1 |
_aGarsault, François Alexandre Pierre de, _d1691-1778 _9154002 |
|
| 245 | 1 | 0 |
_aArt du tailleur _b: contenant le tailleur d'habits d'hommes, les culottes de peau, le tailleur de corps de femmes et enfants, la couturière et la marchande de modes / _cpar M. de Garsault. |
| 260 |
_a[Paris] : _bImp. de L.F. Delatour, _c1769. |
||
| 300 |
_a60 p., 16 lám. ; _cFol. (44 cm) |
||
| 490 | 1 | _aDescriptions des arts et métiers faites ou approuvées par Messieurs de l'Académie Royale des Sciences | |
| 530 | _aDisponible en formato digital. | ||
| 650 | 4 |
_aCorte y confección- _vObras anteriores a 1800. _9154021 |
|
| 830 | 0 | 0 |
_aDescriptions des arts et métiers _9241750 |
| 852 |
_aES-MaACL _jR-61(5) _xOlim: C-10827-70 |
||
| 856 |
_uhttp://gallica.bnf.fr/ark:/12148/bpt6k1067622n?rk=42918;4 _zBNF-Gallica |
||
| 999 |
_c182932 _d182932 |
||